000 00546nam a22001697a 4500
005 20231108102408.0
008 231108b |||||||| |||| 00| 0 eng d
041 _aEnglish
082 _a346.3 MAC
100 _aMacintosh, JC and Norman-Scoble, C
_lEnglish
245 _aNegligence in Delict /
_cJC Macintosh and C Norman-Scoble
250 _aFifth Edition
260 _aCape Town :
_bJuta and Company Ltd,
_c1970
300 _blvii, 553 pages ;
_c26 cm.
650 _aLegal practice
_bLaw
942 _cBK
_6ALISON_BN_VRIES
999 _c417
_d417